000 00294nam a22001337a 4500
003 OSt
005 20160727222411.0
008 160624b xxu||||| |||| 00| 0 eng d
040 _cTest
100 _91001
_aTownsend, J.R
245 _aRob's Place
260 _aEng
_b Penguin
_c1987
942 _2ddc
_cBK
999 _c798
_d798